000 01144nam a2200301 i 4500
001 000044232
003 DO-SdBNP
005 20240903085122.0
008 140610s2014 dr ac 001 0 spa d
020 _a9789945498196
040 _aDO-SdBNP
_bspa
_cBNPHU
_erda
082 4 _222
100 1 _aDe Camps Jiménez, Miguel,
_d1949-
_972236
_eautor
_4aut.
245 1 3 _aEl criollo Antonio Sánchez Valverde :
_bsu época, su vida, su obra /
_cMiguel De Camps Jiménez.
264 4 _aSanto Domingo :
_bEditora Universitaria-UASD,
_c@2014.
300 _a391 páginas :
_bilustraciones, retratos ;
_c23 cm.
336 _atexto
_btxt
_2rdacontent
337 _asin mediación
_bn
_2rdamedia
338 _avolumen
_bnc
_2rdacarrier
490 1 _aPublicaciones de la Universidad Autónoma de Santo Domingo
_v1589
490 1 _aLiteratura y Sociedad
_v99
500 _aIncluye índice onomástico
500 _aIncluye datos biográficos del autor en las solapas
500 _aIncluye referencias bibliográficas y notas al pie de las páginas
504 _aBibliografías : páginas 357-367
590 _aInventariado, 2024/BT
942 _2ddc
_cLBS1
999 _c43721
_d43721